Sports Quiz

Random Sports Quiz

Complete the Card: TNA Final Resolution 2005 Quiz Stats

 Plays Quiz not verified by Sporcle

Challenge
Share
Tweet
Embed
Score 0/26 Timer 05:00
0 Plays Today
% Correct
Jeff Jarrett
96.3%
James Storm
92.6%
Bobby Roode
92.6%
AJ Styles
92.6%
Kevin Nash
88.9%
Chris Harris
88.9%
Eric Young
88.9%
Christopher Daniels
85.2%
Petey Williams
85.2%
Ron Killings
81.5%
Elix Skipper
81.5%
Raven
81.5%
Monty Brown
81.5%
% Correct
Monty Brown
81.5%
Chris Sabin
81.5%
BG James
77.8%
Diamond Dallas Page
77.8%
Kazarian
74.1%
Scott Hall
74.1%
Jeff Hardy
70.4%
Konnan
66.7%
Sonjay Dutt
66.7%
Michael Shane
59.3%
Dustin Rhodes
55.6%
Kid Kash
51.9%
Erik Watts
40.7%

You're not logged in!

Compare scores with friends on all Sporcle quizzes.
Join for Free
OR
Log In

You Might Also Like...

Show Comments

Extras

Created Feb 13, 2014ReportNominate
Tags:2005, complete, final, resolution, tna

Top Quizzes Today


Score Distribution

Your Account Isn't Verified!

In order to create a playlist on Sporcle, you need to verify the email address you used during registration. Go to your Sporcle Settings to finish the process.

Report this User

Report this user for behavior that violates our Community Guidelines.

Details: